000 01670nam a2200421 i 4500
001 ELB76417
003 FlNmELB
006 m o d |
007 cr cnu||||||||
008 140915s2006 ag o 000 0 spa d
020 _a9781449201968 (e-book)
020 _z9789871228201
035 _a(MiAaPQ)EBC3223623
035 _a(Au-PeEL)EBL3223623
035 _a(CaPaEBR)ebr10914275
035 _a(OCoLC)949118591
040 _aFINmELB
_bspa
_erda
_cFINmELB
050 4 _aQB41
_b.C186 2006
082 0 _a520
_223
100 1 _aCampanella, Tommaso,
_d(1568-1639)
245 1 0 _aApología de Galileo /
_cTommaso Campanella ; traducción y notas de Nicola Tudisco ; prólogo de Sebastián Torres.
264 1 _aBuenos Aires :
_bEl Cuenco de Plata,
_c2006.
300 _a1 recurso en línea (171 páginas)
336 _atexto
_btxt
_2rdacontent/spa
337 _acomputadora
_bc
_2rdamedia/spa
338 _arecurso en línea
_bcr
_2rdacarrier/spa
490 1 _aEl Libertino Erudito ;
_v5
588 _aDescripción basada en recurso en línea; Título de la página del título en PDF (e-libro, visto September 15, 2013).
590 _aRecurso electrónico. Santa Fe, Arg.: e-libro, 2015. Disponible vía World Wide Web. El acceso puede estar limitado para las bibliotecas afiliadas a e-libro.
600 1 0 _aGalilei, Galileo,
_d1564-1642.
600 1 4 _aGalilei, Galileo,
_d1564-1642.
_xHistoria y crítica.
655 4 _aLibros electrónicos.
700 1 _aTudisco, Nicola,
_etraductor.
700 1 _aTorres, Sebastián.
797 2 _ae-libro, Corp.
830 0 _aLibertino Erudito ;
_v5.
856 4 0 _uhttps://elibro.net/ereader/usam/76417
999 _c141254
_d141254